000 00432ntaaa2200169 4500
003 01
005 20251027202932.0
008 0714s1973 ag 01
040 _aAR-BaBN
_bspa
_cAR-BaBN
_eaacr
_dRIC
082 _a922.6892 AV1n
100 _aAvalos, Francisco D
_929996
245 _aNueva vida en el Paraguay
250 _a1 ed.
260 _aBuenos Aires :
_bJunta Bautista de Publicaciones,
_c1974
300 _a43 p
942 _cBK
999 _c24640
_d24640